00659 2200241 4500001002100000005001700021008004100038035002400079082001000103090001700113100001900130245005900149260003200208300002700240500003000267500003100297650002500328850001500353980001300368985000600381999001500387999001500402YOGYA-0209000001394520090227022354.0 ind  0010-020900000013945 a150.1 a150.1bPri B aPRIYATNA, Asep aBidang pengajaran psikologi SPG/KPG/SGOcAsep Priyatna aBandungbEpsilon Grupc1987 a... Jilidbilusc21 cm aYang diterima : Jl. I, II aBibliografi : hlm. 129-130 aIlmu jiwa di sekolah aYOPDYOG(B) a11-07-05 a2 aP000028755 aP000028756